000 00655nam a2200241Ia 4500
003 OSt
005 20221005074202.0
006 a|||||r|||| 00| 0
007 ta
008 221004b |||||||| |||| 00| 0 eng d
024 _a64110
037 _cTextual
040 _aCRL
_cCRL
_beng
041 _2eng
_aeng
082 _aW:5'N9, N4
100 _aSaksena K P Ed.
_9501712
245 0 _aHuman rights perspective and challenges in 1990 and beyond
260 _aNew Delhi
_bLancers Book
_c1994
300 _a608p.
_ccm.
650 _aPOLITICAL SCIENCE
942 _hW:5'N9, N4
_cTEXL
_2cc
999 _c982315
_d982315